000
00215nam a2200097Ia 4500
008
190216s9999||||xx |||||||||||||| ||und||
100
_a
K Alavi Moulavi
245
0
_a
"Saheehul Buhari Part 1,2"
260
_b
Null
942
_c
BK
999
_c
2
_d
2